Lugares de Juego de Tronos #1 - Estadísticas

Estadísticas generales
  • Esta prueba ha sido intentada 211 veces
  • La puntuación promedio es 8 de 12
Estadísticas de respuestas
Hint Respuesta % Correcto
Donde se encuentra el Trono de Hierro Desembarco del Rey
99%
El hogar de la casa Stark Invernalia
93%
El hogar de la casa Lannister Roca Casterly
87%
Es vigilado por la Guardia de la noche El muro
86%
El Rey Robert se la cedió a su hermano Stannis Rocadragón
81%
Antiguo hogar de la casa Targaryen Valyria
63%
Antigua fortaleza de la casa Tully Aguasdulces
61%
Donde ocurrió la famosa "Boda roja" Los Gemelos
55%
Allí se encuentra la casa de blanco y negro Braavos
51%
Capital de Dorne, ciudad de la Casa Martell Lanza del Sol
48%
Ciudad de origen de los inmaculados Astapor
47%
La ciudad de los 13, casa de los eternos Qarth
36%
No se encontraron pruebas coincidentes
Distribución de puntuación
Porcentaje de gente con cada puntuación
Porcentaje por número respondido
Historial de tus puntuaciones
No has intentado esta prueba.